000 00609nam a22002177a 4500
003 UA-OsUOA
001 44729
007 ta
008 20070306b un ||||| |||| 00| 0 ukr d
100 _aБабкіна О.
090 _a32
_bБ-11
942 _cSA
040 _aUA-OsUOA
_bukr
_cUA-OsUOA
_dUA-OsUOA
245 _aДемократичні детермінанти трансформації українського суспільства
300 _aС.18-25
955 _a0
041 _aukr
080 _a32
773 0 _w44728
_tПерсонал
_dК.
_d2007
_g2
650 7 _a32 Політика
_2UDC
999 _c330855
_d330855